All about turtles / (Record no. 2578)

MARC details
000 -LEADER
fixed length control field 00841cam a22002537a 4500
005 - DATE AND TIME OF LATEST TRANSACTION
control field 20250826102227.0
020 ## - INTERNATIONAL STANDARD BOOK NUMBER
Canceled/invalid ISBN 9780590697811
040 ## - CATALOGING SOURCE
Original cataloging agency UUC
Transcribing agency UUC
Modifying agency DLC
Language of cataloging eng
050 00 - LIBRARY OF CONGRESS CALL NUMBER
Classification number QL666.C5
082 04 - DEWEY DECIMAL CLASSIFICATION NUMBER
Classification number 597.92
100 1# - MAIN ENTRY--PERSONAL NAME
Personal name Arnosky, Jim
245 10 - TITLE STATEMENT
Title All about turtles /
Statement of responsibility, etc. written and illustrated by Jim Arnosky
250 ## - EDITION STATEMENT
Edition statement This edition first printing, April 2008
260 ## - PUBLICATION, DISTRIBUTION, ETC.
Place of publication, distribution, etc. New York :
Name of publisher, distributor, etc. Scholastic,
Date of publication, distribution, etc. 2000
300 ## - PHYSICAL DESCRIPTION
Extent 25 unnumbered pages :
Other physical details color illustrations ;
Dimensions 20 cm
505 ## - FORMATTED CONTENTS NOTE
Formatted contents note U <br/>
520 ## - SUMMARY, ETC.
Summary, etc. Describes the physical characteristics, behavior, and survival techniques of different kinds of land and sea turtles.
521 ## - TARGET AUDIENCE NOTE
Target audience note 840 <br/>
Source Lexile <br/>
521 ## - TARGET AUDIENCE NOTE
Target audience note U <br/>
Source Raz-Plus <br/>
650 #0 - SUBJECT ADDED ENTRY--TOPICAL TERM
Topical term or geographic name entry element Turtles
Form subdivision Juvenile literature.
906 ## - LOCAL DATA ELEMENT F, LDF (RLIN)
a 7
b cbc
c copycat
d 2
e ncip
f 20
g y-gencatlg
942 ## - ADDED ENTRY ELEMENTS (KOHA)
Source of classification or shelving scheme Dewey Decimal Classification
Koha item type Books
Suppress in OPAC No
999 ## -
-- 2578
-- 2578
Holdings
Withdrawn status Lost status Source of classification or shelving scheme Damaged status Not for loan Collection Home library Current library Shelving location Date acquired Total Checkouts Full call number Barcode Date last seen Date last checked out Price effective from Koha item type Copy number
    Dewey Decimal Classification     Non-Fiction Footprints International School Library Network Toul Kork Campus Footprints International School Library Network Toul Kork Campus A TK Campus, 4th Floor, Room B401, Non-Fiction Bookcases(7-8) 10/25/2024   ARN 597.92 QL666.C5 2024-2217 10/25/2024   10/25/2024 Books 2
    Dewey Decimal Classification     Non-Fiction Footprints International School Library Network Toul Kork Campus Footprints International School Library Network Toul Tom Poung Campus TTP Secondary Non-Fiction Bookshelves 01/02/2024 1 ARN 597.92 QL666.C5 FISBK01334 12/19/2025 12/01/2025 01/02/2024 Books  
    Dewey Decimal Classification     Non-Fiction Footprints International School Library Network Toul Tom Poung Campus Footprints International School Library Network Toul Tom Poung Campus TTP Secondary Non-Fiction Bookshelves 08/26/2025   ARN 597.92 QL666.C5 FIS04745 08/26/2025   08/26/2025 Books 3